000 00477nam a2200181Ia 4500
005 20240823031251.0
008 240823s9999||||xx |||||||||||||| ||und||
041 _aENGLISH
082 _A005.131 M7
100 _aRajasekaran S
245 0 _aNumerical Methos for initial and boundary value problems
250 _a1st
260 _c1987
_b"A H Wheeler,Allahabad"
500 _aTRANSFERED
650 _aNumerical Methods
_bComputer Science
942 _cBK
999 _c190661
_d190661